000 00709nam a2200229 a 4500
999 _c2353
_d2353
001 2353
003 BD-JhCC
005 20171101164009.0
008 171101s2005 bg |||| ||a| 000 0 bg d
020 _a9848683666
035 _a(BD-JhCC)2353
040 _aBD-JhCC
_dBD-JhCC
041 _aben
082 _a891.443
_bDAT 2005
100 _aদত্ত, জ্যোতিপ্রকাশ
245 _aগল্পকল্প ও বাঁচামরার জীবন /
_cজ্যোতিপ্রকাশ দত্ত,
260 _aঢাকা :
_bঅন্যপ্রকাশ,
_c2005
300 _a78 p. :
_c22 cm.
650 _aBengali Literature
942 _2ddc
_cBK